000 00364 a2200169 4500
001 187008
020 _a978-85-16-06318-4
040 _cMagnum
100 _aBandeira, Pedro
240 1 0 _aUma ideia solta no ar
_lpor
245 1 0 _aUma ideia solta no ar
300 _a32
362 0 _a2009
440 1 _aModerna
697 _aLITERATURA INFANTO
942 _cBK
999 _c187008
_d187008